Statistics for Hello In Different Languages - Europe

Click here to take the quiz!

General Stats

  • This quiz has been taken 42 times
  • The average score is 9 of 16

Answers on the Map

Answers color-coded by a green-red scale on the quiz's map according to % correct below.
 

Answer Stats

Answer% Correct
Bonjour
100%
Ciao
97%
Hello
97%
Hola
94%
Privet
79%
Grüss Gott
59%
Hallo
59%
Geiá sou
38%
Witam
38%
Përshëndetje
35%
Sveiki
35%
Zdravo
35%
Dia Dhuit
32%
Zdraveĭte
32%
Hei
29%
Ahoj
21%

Score Distribution

Percentile by Number Answered

Percent of People with Each Score

Your Score History

You have not taken this quiz